LEADER 01667oam 2200493 450 001 9910716068603321 005 20210510085555.0 035 $a(CKB)5470000002517417 035 $a(OCoLC)785280883$z(OCoLC)61421193$z(OCoLC)760882876 035 $a(EXLCZ)995470000002517417 100 $a20120408j196901 ua 0 101 0 $aeng 135 $aur||||||||||| 181 $ctxt$2rdacontent 182 $cc$2rdamedia 183 $acr$2rdacarrier 200 10$aFull-scale wind-tunnel investigation of static longitudinal and lateral characteristics of a light twin-engine airplane /$fby Marvin P. Fink and Delma C. Freeman 210 1$aWashington, D.C. :$cNational Aeronautics and Space Administration,$dJanuary 1969. 215 $a1 online resource (216 pages) $cillustrations 225 1 $aNASA/TN ;$vD-4983 300 $a"January 1969." 320 $aIncludes bibliographical references (page 14). 606 $aWind tunnels$2nasat 606 $aAirplanes$xTesting$2fast 606 $aWind tunnels$2fast 615 7$aWind tunnels. 615 7$aAirplanes$xTesting. 615 7$aWind tunnels. 700 $aFink$b Marvin P.$01402129 702 $aFreeman$b Delma C. 712 02$aUnited States.$bNational Aeronautics and Space Administration, 801 0$bOCLCE 801 1$bOCLCE 801 2$bT8B 801 2$bAD# 801 2$bOCLCQ 801 2$bOCLCF 801 2$bOCLCQ 801 2$bCOP 801 2$bGPO 906 $aBOOK 912 $a9910716068603321 996 $aFull-scale wind-tunnel investigation of static longitudinal and lateral characteristics of a light twin-engine airplane$93471973 997 $aUNINA LEADER 02910oas 2201093 a 450 001 9910146846703321 005 20260318213015.0 011 $a1930-613X 035 $a(DE-599)ZDB2130577-8 035 $a(DE-599)2130577-8 035 $a(OCoLC)60623236 035 $a(CONSER) 2005264530 035 $a(CKB)954925425182 035 $a(EXLCZ)99954925425182 100 $a20050614a19559999 sy a 101 0 $aeng 135 $aurcnu|||||||| 181 $ctxt$2rdacontent 182 $cc$2rdamedia 183 $acr$2rdacarrier 200 10$aMilitary medicine 210 $aBethesda, Md. $cAssociation of Military Surgeons of the United States 210 31$aOxford :$cOxford University Press 215 $a1 onlnine resource 300 $aRefereed/Peer-reviewed 311 08$a0026-4075 531 0 $aMil. med. 606 $aSurgery, Military$xSocieties, etc 606 $aMedicine, Military$xSocieties, etc 606 $aMedicine, Military$vPeriodicals 606 $aSurgery, Military$vPeriodicals 606 $aMilitary Medicine 606 $aChirurgie militaire$xAssociations 606 $aMe?decine militaire$vPe?riodiques 606 $aMe?decine militaire$xAssociations 606 $aChirurgie militaire$vPe?riodiques 606 $aMedicine, Military$2fast$3(OCoLC)fst01015285 606 $aSurgery, Military$2fast$3(OCoLC)fst01139406 608 $aPeriodical 608 $aPeriodicals.$2fast 608 $aPeriodicals.$2lcgft 608 $aPeriodicals.$2rbgenr 615 0$aSurgery, Military$xSocieties, etc. 615 0$aMedicine, Military$xSocieties, etc. 615 0$aMedicine, Military 615 0$aSurgery, Military 615 2$aMilitary Medicine 615 6$aChirurgie militaire$xAssociations. 615 6$aMe?decine militaire 615 6$aMe?decine militaire$xAssociations. 615 6$aChirurgie militaire 615 7$aMedicine, Military. 615 7$aSurgery, Military. 676 $a616.98023 712 02$aAssociation of Military Surgeons of the United States, 801 0$bOCLCS 801 1$bOCLCS 801 2$bSBH 801 2$bNSD 801 2$bCGU 801 2$bOCLCQ 801 2$bVT2 801 2$bOCLCQ 801 2$bOCLCO 801 2$bOCLCQ 801 2$bOCLCA 801 2$bOCLCO 801 2$bOCLCA 801 2$bCHVBK 801 2$bOCLCO 801 2$bAPUMS 801 2$bDLC 801 2$bOCLCF 801 2$bDLC 801 2$bWYU 801 2$bAUD 801 2$bU3W 801 2$bUKMGB 801 2$bCGU 801 2$bSFB 801 2$bCLU 801 2$bOCLCQ 801 2$bOCLCO 801 2$bCNMTR 801 2$bDYJ 801 2$bOCLCQ 801 2$bQGK 801 2$bOCLCL 801 2$bOCLCQ 801 2$bUBY 906 $aJOURNAL 912 $a9910146846703321 996 $aMilitary medicine$91980055 997 $aUNINA